Antología de Spoon River /
Salvato in:
| Autore principale: | |
|---|---|
| Altri autori: | , |
| Natura: | Elettronico eBook |
| Lingua: | spagnolo inglese |
| Pubblicazione: |
Madrid :
Visor Libros,
[2021]
|
| Serie: | Colección Visor de poesía ;
v. 1124. |
| Soggetti: | |
| Accesso online: | Digitalia Hispánica |
| Tags: |
Aggiungi Tag
Nessun Tag, puoi essere il primo ad aggiungerne!!
|
MARC
| LEADER | 00000nam a2200000 i 4500 | ||
|---|---|---|---|
| 001 | DIGVISR0868 | ||
| 003 | NyNyDIG | ||
| 006 | m o d | ||
| 007 | cr ||||||||||| | ||
| 008 | 221218s2021 sp ob 000 p spa d | ||
| 035 | |a (OCoLC)1356297481 | ||
| 040 | |a DGITA |b eng |e rda |e pn |c DGITA | ||
| 020 | |z 9788498954241 | ||
| 041 | 1 | |a spa |a eng |h eng | |
| 050 | 1 | 4 | |a PS3525.A83 ebook |
| 100 | 1 | |a Masters, Edgar Lee, |d 1868-1950, |e author. | |
| 245 | 1 | 0 | |a Antología de Spoon River / |c Edgar Lee Masters ; traducción de Susana Haug y Jesús David Curbelo. |
| 264 | 1 | |a Madrid : |b Visor Libros, |c [2021] | |
| 300 | |a 1 online resource. | ||
| 336 | |a text |2 rdacontent | ||
| 337 | |a computer |b c |2 rdamedia | ||
| 338 | |a online resource |b cr |2 rdacarrier | ||
| 347 | |a text file |2 rdaft | ||
| 347 | |b EPUB | ||
| 347 | |b PDF | ||
| 490 | 1 | |a Volumen MCXXIV de la Colección Visor de poesía | |
| 504 | |a Includes bibliographical references. | ||
| 546 | |a Text in Spanish and English. | ||
| 588 | 0 | |a Online resource; title from ePub title page (Digitalia, viewed December 18, 2022) | |
| 655 | 7 | |a Poetry. |2 lcgft | |
| 700 | 1 | |a Haug Morales, Susana, |e translator. | |
| 700 | 1 | |a Curbelo, Jesús David, |d 1965- |e translator. | |
| 776 | 0 | 8 | |i Print version: |a Masters, Edgar Lee, 1868-1950. |t Antología de Spoon River. |d Madrid : Visor Libros, 2021 |z 9788498954241 |
| 791 | 2 | |a Digitalia (Firm), |e distributor. | |
| 793 | 0 | |g Digitalia eBook Collection: |a Visor Libros | |
| 830 | 0 | |a Colección Visor de poesía ; |v v. 1124. | |
| 856 | 4 | 0 | |3 Digitalia Hispánica |u https://digitalia.unach.elogim.com/a/115096/ |
| 910 | |a Premium Collection: 2022 | ||